Negocios y sostenibilidad (Registro nro. 4617)
[ vista simple ]
| 000 -CABECERA | |
|---|---|
| Campo de control | 01198cam a2200289 a 4500 |
| 005 - FECHA Y HORA DE LA ULTIMA TRANSACCION | |
| Campo de control | 20200104041551.0 |
| 008 - ELEMENTOS DE LONGITUD FIJA—INFORMACION GENERAL | |
| Campo de control | 060829t 2005ck ad r 000 0 spa d |
| 020 ## - ISBN | |
| ISBN | 9588085608 |
| 040 ## - FUENTE DE CATALOGACIÓN | |
| Agencia catalogadora original | CO-BoPUJ |
| Agencia transcriptora | CO-BoIAVH |
| Agencia Modificadora | CO-BoIAVH |
| 041 0# - IDIOMA | |
| Código de idioma para texto/pista de sonido o título separado | Español |
| 044 ## - PAÍS DE PUBLICACIÓN | |
| País de publicación | Colombia |
| 082 04 - NUMERO DE CLASIFICACION DECIMAL DEWEY | |
| Número de clasificación | 333.72 |
| Número del ítem | B63n |
| 100 1# - ASIENTO PRINCIPAL--NOMBRE PERSONAL | |
| Nombre personal | Boada Ortíz, Alejandro |
| Término relacionado | autor |
| 9 (RLIN) | 22043 |
| 245 10 - MENCION DE TITULO | |
| Título | Negocios y sostenibilidad |
| Parte restante del título | más allá de la gestión ambiental |
| Mención de responsabilidad | Alejandro Boada Ortiz, Simona Rocchi y Michael Kuhndt ; compiladora Clemencia Camacho Delgado ; editor Eduardo Norman Acevedo |
| 250 ## - MENCION DE EDICION | |
| Mención de edición | Primera edición |
| 260 ## - PUBLICACION, DISTRIBUCION, ETC. (PIE DE IMPRENTA) | |
| Lugar de publicación, distribución, etc. | Bogotá, Colombia : |
| Nombre del editor, distribuidor, etc. | Editorial Politécnico Grancolombiano, |
| Fecha de publicación, distribución, etc. | c2005. |
| 300 ## - DESCRIPCION FISICA | |
| Extensión | 155 páginas : |
| Otros detalles físicos | ilustraciones, cuadros, diagramas, gráficas y tablas, |
| Dimensiones | 24 x 16 cm. |
| 504 ## - NOTA DE BIBLIOGRAFIA, ETC. | |
| Nota de bibliografía | Incluye referencias bibliográficas: páginas 147-155. |
| 650 26 - ASIENTO SECUNDARIO DE MATERIA - TERMINO TEMATICO | |
| Término temático o nombre geográfico como elemento de entrada | Gestión ambiental |
| 9 (RLIN) | 92206 |
| 650 26 - ASIENTO SECUNDARIO DE MATERIA - TERMINO TEMATICO | |
| Término temático o nombre geográfico como elemento de entrada | Desarrollo sostenible |
| 9 (RLIN) | 278 |
| 650 26 - ASIENTO SECUNDARIO DE MATERIA - TERMINO TEMATICO | |
| Término temático o nombre geográfico como elemento de entrada | Economía medioambiental |
| 9 (RLIN) | 73832 |
| 700 1# - ASIENTO SECUNDARIO - NOMBRE PERSONAL | |
| Nombre personal | Rocchi, Simona |
| Término de relación | autora |
| 9 (RLIN) | 22044 |
| 700 1# - ASIENTO SECUNDARIO - NOMBRE PERSONAL | |
| Nombre personal | Kuhndt, Michael |
| Término de relación | autora |
| 9 (RLIN) | 22045 |
| 700 1# - ASIENTO SECUNDARIO - NOMBRE PERSONAL | |
| Nombre personal | Camacho Delgado, Clemencia |
| Término de relación | compiladora |
| 9 (RLIN) | 73833 |
| 700 1# - ASIENTO SECUNDARIO - NOMBRE PERSONAL | |
| Nombre personal | Norman Acevedo, Eduardo |
| Término de relación | editor |
| 9 (RLIN) | 73834 |
| 942 ## - ELEMENTOS ADICIONALES (KOHA) | |
| Sistema de clasificación | Dewey Decimal Classification |
| Tipo de ítem | Libro |
| Withdrawn status | Lost status | Sistema de Clasificación | Damaged status | No para préstamo | Colección | Inventariado | Ubicación Permanente | Ubicación actual | Fecha de adquisición | Fuente de Valor | Valor | Total Checkouts | Número topográfico | Inventario / Código de Barras | Date last seen | Ejemplar | Price effective from | Forma de adquisición | Tipo de material |
|---|---|---|---|---|---|---|---|---|---|---|---|---|---|---|---|---|---|---|---|
| Dewey Decimal Classification | General | Inventariado 2017 | Sala Fabio Quevedo | Sala Fabio Quevedo | 27/06/2005 | Instituto | 39000.00 | LB-333.72 B63n | 019209 | 04/12/2012 | Ej. 1 | 04/12/2012 | Donación | Libro |